000 00963cam a22002171a 4500
001 af 47004659
003 DLC
005 20260227110827.0
008 820109s1944 gw acfh 000 0dger
010 _aaf 47004659
035 _a(OCoLC)8053576
040 _aDLC
_cMnManS
_dDLC
050 0 0 _aT39
_b.T47
100 1 _aThiel, Rudolf,
_d1899-1981.
245 1 0 _aRuhm und Leiden der Erfinder /
_cRudolf Thiel.
250 _aGrosse Ausg.
260 _aBerlin :
_bP. Neff,
_c1944.
300 _a492 p. :
_bill., plates, ports., facsim. ;
_c22 cm.
505 0 _aGutenberg vor Gericht -- Merkwürdige Abenteuer und Erfindungen des weitgereisten Dr. Johann Joachim Becher aus der Pfalz -- Wettlauf mit dem Henker -- Miniaturen aus der guten alten Zeit -- Senefelders Zaubertinte -- Gabelsberger -- Ruhm der Anspruchslosen -- Wilhelm Bauer, Submarine-Ingenieur -- Tragödie eines Patrioten -- Eine menschen fressende Maschine -- Zeppelin.
650 0 _aInventors
_zGermany.
999 _c2734
_d2734